Glosár k učebnici English for business studies

Gespeichert in:
Bibliographische Detailangaben
1. Verfasser: Pašková, Hana
Körperschaft: Ekonomická univerzita v Bratislave. Ústav jazykov
Format: Buch
Sprache:Englisch
Slowakisch
Veröffentlicht: Bratislava Vydavateľstvo EKONÓM 2004
Ausgabe:2. vyd.
Schlagworte:
Tags: Tag hinzufügen
Keine Tags, Fügen Sie das erste Tag hinzu!

MARC

LEADER 00000nam$a2200000$$$4500
001 0013663
005 20240318113212.3
020 |a 80-225-1856-5 
041 0 |a eng 
041 0 |a slo 
044 |a SK 
245 1 0 |a Glosár k učebnici English for business studies  |c Hana Pašková 
250 |a 2. vyd. 
264 1 |a Bratislava  |b Vydavateľstvo EKONÓM  |c 2004 
300 |a 65 s. 
610 2 0 |a jazykoveda 
610 2 0 |a terminológia 
610 2 0 |a jazyky cudzie 
100 1 |a Pašková, Hana 
710 2 |a Ekonomická univerzita v Bratislave. Ústav jazykov